00608 2200217 4500001002100000005001700021008004100038035002400079082001500103090002700118100001900145245005100164260003500215300003000250500003000280650002300310850001600333980001300349985000600362999002200368YOGYA-0209000006868420090227092958.0 ind  0010-020900000068684 a398.209598 a398.209598bRiy MlDEP aRIYADI, Slamet aMakna simbolik legenda Aji SakacSlamet Riyadi aYogyakartabBalai Bahasac2007 axii, 107 hlmbilusc20 cm aBibliografi : hlm. 99-103 aCerita rakyat Jawa aYOPDYOG (M) a3-3-2008 a1 aCB-D.11 2007-779h